Bilecik Bilecik Bilecik Bilecik Bilecik

(5 mayıs 2008) : (Record no. 44975)

MARC details
000 -BAŞLIK
Sabit Uzunluktaki Kontrol Alanı 01024nam a22003377a 4500
001 - KONTROL NUMARASI
Control Dosyası 0045140
003 - KONTROL NUMARASI KİMLİĞİ
Kontrol Alanı KOHA_MİRAKIL
005 - EN SON İŞLEM TARİHİ ve ZAMANI
Kontrol Alanı 20260207003433.0
007 - FİZİKSEL TANIM SABİT ALAN - GENEL BİLGİ
Sabit uzunluklu kontrol alanı ta
008 - SABİT UZUNLUKTAKİ VERİ ÖGELERİ - GENEL BİLGİ
Sabit Alan 131125b2008 tu |||gr||||#0|||1|tur |
020 ## - ISBN - ULUSLARARASI STANDART KİTAP NUMARASI
Isbn 975820842X
040 ## - KATALOGLAMA KAYNAĞI
Özgün Kataloglama Kurumu TR-BiSEU
Kataloglama Dili tur
Çeviri Kurumu TR-BiSEU
Açıklama Kuralları rda
041 0# - DİL KODU
Metin ya da ses kaydının dil kodu tur
044 ## - YAYINLAYAN/ÜRETEN KURULUŞUN ÜLKE KODU
ISO country code tu
050 ## - SINIFLAMA ve YER NUMARASI
Sınıflama Numarası PL248.H35
Yer Numarası T87 2008
100 0# - KİŞİ ADI
Yazar Adı (Kişi adı) Hakantürk.
245 1# - ESER ADI BİLDİRİMİ
Başlık (5 mayıs 2008) :
Alt Eseradı vb. Türk - Amerikan Savaşı/
Sorumluluk Bildirimi Hakantürk ; Hakantürk, Kurtuluş Osman.
250 ## - BASIM BİLDİRİMİ
Basım Bildirimi 2. Baskı
264 #1 - ÜRERİM, YAYIN, DAĞITIM ve TELİF BİLDİRİMİ
Yayın yeri İstanbul :
Yayınlayan Akademi TV Programcılık, Reklam, Film Yapım ve Yayın Pazarlama
Yayın tarihi 2008
300 ## - FİZİKSEL TANIMLAMA
Sayfa, Cilt vb. 272 sayfa ;
Boyutları 21 cm.
336 ## - İÇERİK TÜRÜ
Content type term metin
Content type code txt
Source rdacontent
337 ## - MEDYA TÜRÜ
Media type term aracısız
Media type code n
Source rdamedia
338 ## - TAŞIYICI TÜRÜ
Carrier type term cilt
Carrier type code nc
Source rdacarrier
490 1# - DİZİ BİLDİRİMİ
Dizi Bildirimi Araştırma Yazı dizisi Yayın ;
Cilt Numarası No.
490 1# - DİZİ BİLDİRİMİ
Dizi Bildirimi 63.
650 #0 - KONU BAŞLIĞI EK GİRİŞ - KONU TERİMİ
Konusal terim veya coğrafi ad Türk edebiyatı--roman.
9 (RLIN) 7421
830 1# - SERİ EK GİRİŞİ - TEKBİÇİM ESER ADI
Tekbiçim Başlık Araştırma Yazı dizisi Yayın ;
Volume number/sequential designation No.
9 (RLIN) 83023
830 1# - SERİ EK GİRİŞİ - TEKBİÇİM ESER ADI
Tekbiçim Başlık 63.
9 (RLIN) 19953
907 ## - LOCAL DATA ELEMENT G, LDG (RLIN)
a Roman
942 ## - EK GİRİŞ ÖGELERİ (KOHA)
Source of classification or shelving scheme Library of Congress Classification
Koha item type Book
Holdings
Materyal Türü Kalıcı Konum Mevcut Konum Raf Yeri Sınıflandırma Kaynağı Edinim Bilgisi Ana Konular Alt Konular Yer Numarası Demirbaş Numarası Fatura Tarihi Geri Çekilme Durumu Kayıp Durumu Hasarlı Durumu Kredi için değil Kayıt Tarih Toplam Ödünçverme Son Görülme Tarihi Son Kontrol Tarihi Genel / Bağış Notu
Book Prof. Dr. Azmi Özcan Kütüphanesi Prof. Dr. Azmi Özcan Kütüphanesi Birûni Salonu Library of Congress Classification Bağış DİL VE EDEBİYAT Doğu Asya, Afrika, Okyanusya Dilleri ve Edebiyatları PL248.H35 T87 2008 0045140 02/02/2026         25/11/2013 3 27/05/2025 27/05/2025 Genel Bağış